¿Podemos ser ateos? (Record no. 101342)

MARC details
000 -LEADER
campo de control de longitud fija 00588nam a2200181 i 4500
001 - NÚMERO DE CONTROL
campo de control 101342
003 - IDENTIFICADOR DE NÚMERO DE CONTROL
campo de control ES-MaACL
005 - FECHA Y HORA DE LA ÚLTIMA TRANSACCIÓN
campo de control 20250902041227.0
007 - CAMPO FIJO DE DESCRIPCIÓN FÍSICA--INFORMACIÓN GENERAL
campo de control de longitud fija t|
008 - DATOS DE LONGITUD FIJA--INFORMACIÓN GENERAL
campo de control de longitud fija 051017s1968 sp ||||1| spa d
100 1# - ENTRADA PRINCIPAL--NOMBRE DE PERSONA
Nombre de persona Mayor, Domingo.
9 (RLIN) 79405
245 10 - MENCIÓN DEL TÍTULO
Título ¿Podemos ser ateos?
Resto del título : el babelismo de "la" evolución y la realidad del cosmos /
Mención de responsabilidad, etc. D. Mayor, S. J.
260 ## - PUBLICACIÓN, DISTRIBUCIÓN, ETC.
Lugar de publicación, distribución, etc. Comillas :
Nombre del editor, distribuidor, etc. Universidad Pontificia de Comillas,
Fecha de publicación, distribución, etc. 1968.
300 ## - DESCRIPCIÓN FÍSICA
Extensión 95 p. ;
Dimensiones 18 cm.
710 2# - ENTRADA AGREGADA--NOMBRE DE ENTIDAD CORPORATIVA
Nombre de entidad corporativa o nombre de jurisdicción como elemento de entrada Universidad Pontificia Comillas
9 (RLIN) 173007
852 ## - LOCALIZACIÓN
Ubicación ES-MaACL
Número de control de estantería C-36253
Sublocalización o colección R.65783
Holdings
Estatus retirado Estado de pérdida Estado de daño No para préstamo Biblioteca de origen Biblioteca actual Ubicación en estantería Fecha de adquisición Fuente de adquisición Total de préstamos Signatura topográfica completa Código de barras Visto por última vez Precio de reemplazo Tipo de ítem Koha
        Biblioteca del Ateneo de Madrid Biblioteca del Ateneo de Madrid Depósito 2 17/01/2008     C-36253 1105805 23/02/2023 23/02/2023 Libro impreso